01062nam a2200205 a 450000100100000000500170001000800410002704000250006810000350009324501310012826000570025930000440031659000590036070000280041970000560044795201200050395201050062395201110072899900170083900004580720201002052444.0150515s2016 dr 000 0 spa d aDO-SdBNPbspacBNPHU1 aPeruco Torres, Wilfredo97388410aProtagonistas del atletismo dominicano /aWilfredo Peruco Torres, Raymond Stewart ; prólogo José Ludwig Rubio Rodríguez. aSanto Domingo :bFundación Luguelin Santos,c2016. a199 p. :bils., tablas, retrs ;c23 cm. aLa biblioteca posee un ej. autográfiado por el autor12aStewart- Raymond94272312aRubio Rodríguez , José Ludwigeprólogo973885 001054708DSaGRbGRcHDd2015-06-17iLF1l0o p45807-30r2020-06-25te. 3w2020-06-25yLFDSZPréstamo en sala 0010718PDaPDbPDcHDd2015-05-15iLF1l0o p45807-10r2020-06-25w2020-06-25yLFPDZNo se presta 0010718PDaPDbPDcHDd2015-06-17iLF1l0o p45807-20r2020-06-25te. 2w2020-06-25yLFPDZNo se presta c45296d45296